Online
Catalog

Temas de derecho cooperativo / (Record no. 4634)

MARC details
000 -CABECERA
campo de control de longitud fija 00812nam a2200229 a 4500
001 - NÚMERO DE CONTROL
campo de control 000004828
005 - FECHA Y HORA DE LA ÚLTIMA TRANSACCIÓN
campo de control 20200929151520.0
008 - DATOS DE LONGITUD FIJA--INFORMACIÓN GENERAL
campo de control de longitud fija 090727s1987 dr 001 0 spa d
040 ## - FUENTE DE LA CATALOGACIÓN
Centro catalogador/agencia de origen DO-SdBNP
Lengua de catalogación spa
Centro/agencia transcriptor BNPHU
082 ## - NÚMERO DE LA CLASIFICACIÓN DECIMAL DEWEY
Número de clasificación 346.0668
Número de documento/Ítem C313t
100 1# - ENTRADA PRINCIPAL--NOMBRE DE PERSONA
Nombre de persona Carrasco, Nelson Eddy,
Fechas asociadas al nombre 1940-
9 (RLIN) 14000
245 10 - MENCIÓN DE TÍTULO
Título Temas de derecho cooperativo /
Mención de responsabilidad, etc. Eddy Carrasco ; prólogo Lionel Rodríguez Rib.
260 ## - PUBLICACIÓN, DISTRIBUCIÓN, ETC.
Lugar de publicación, distribución, etc. Santo Domingo :
Nombre del editor, distribuidor, etc. Visión,
Fecha de publicación, distribución, etc. 1987.
300 ## - DESCRIPCIÓN FÍSICA
Extensión 165 p. ;
Dimensiones 20 cm.
500 ## - NOTA GENERAL
Nota general Incluye bibliografía y notas al pie de páginas.
504 ## - NOTA DE BIBLIOGRAFÍA, ETC.
Nota de bibliografía, etc. Bibliografía: p.163-165
590 ## - NOTA LOCAL (RLIN)
Nota local Inventariado, 2018/LP
650 #4 - PUNTO DE ACCESO ADICIONAL DE MATERIA--TÉRMINO DE MATERIA
Término de materia o nombre geográfico como elemento de entrada Cooperativas
Subdivisión general Legislación
9 (RLIN) 14001
650 #4 - PUNTO DE ACCESO ADICIONAL DE MATERIA--TÉRMINO DE MATERIA
Término de materia o nombre geográfico como elemento de entrada Cooperativismo
Subdivisión general Legislación
9 (RLIN) 14002
700 12 - PUNTO DE ACCESO ADICIONAL--NOMBRE DE PERSONA
Nombre de persona Rodríguez Rib, Lionel,
Término indicativo de función/relación pról.
9 (RLIN) 14020
910 ## - DATOS DE OPCIÓN DEL USUARIO (OCLC)
Datos de opción del usuario Validado. Control de la calidad EMS.
Holdings
Estado de retiro Estado de pérdida No para préstamo Código de colección Localización permanente Ubicación/localización actual Ubicación en estantería Fecha de adquisición Número de inventario Total de préstamos Signatura topográfica completa Código de barras Fecha visto por última vez Precio válido a partir de Tipo de ítem Koha Restricciones de uso Número de copia
      Patrimonio Dominicano General General Orden iniciada 05.08.2019 LF1   346.0668 C313t 4828-40 25.06.2020 25.06.2020 Libro y Folleto Colección Patrimonio Dominicano    
      Dominicana de Servicio General General Depósito 18.06.2013 LF1   346.0668 C313t 4828-30 25.06.2020 25.06.2020 Libro y Folleto Colección Dominicana de Servicio   e. 3
    Excluido de préstamo Patrimonio Dominicano Patrimonio Dominicano Patrimonio Dominicano Depósito 27.07.2009 LF1   346.0668 C313t 4828-10 25.06.2020 25.06.2020 Libro y Folleto Colección Patrimonio Dominicano    
    Excluido de préstamo Patrimonio Dominicano Patrimonio Dominicano Patrimonio Dominicano Depósito 01.12.2012 LF1   346.0668 C313t 4828-20 25.06.2020 25.06.2020 Libro y Folleto Colección Patrimonio Dominicano   e. 2

Powered by Koha